| 000 | 00751nam a22002177a 4500 | ||
|---|---|---|---|
| 999 |
_c8160 _d8160 |
||
| 003 | AR-CdUCM | ||
| 008 | 190322b ||||| |||| 00| 0 spa d | ||
| 040 |
_aMUNICIPALIDAD PROVINCIAL DEL CUSCO _cBIBLIOTECA MUNICIPAL DEL CUSCO |
||
| 082 |
_a500 / _bB33 |
||
| 100 |
_aBeiser, Arthur _923025 |
||
| 245 | _aConceptos de física moderna / | ||
| 260 |
_aMadrid : _bCastilla, _c1963. |
||
| 300 |
_a410 paginas ; _c24 cm. |
||
| 505 | _aContenido : Parte I : Conceptos básicos -- Parte II : La teoria del atomo -- Parte III : Propiedades de la materia -- Parte IV : El núcleo ... | ||
| 650 |
_aFisica _92382 |
||
| 650 |
_aÁtomo _921055 |
||
| 650 |
_aModerna _919323 |
||
| 700 |
_aCarrasco Gimeno, Fermin _923026 |
||
| 942 |
_2ddc _cLIBROS |
||
| 945 | _arah | ||